Wonders of water / (Record no. 21992)
[ view plain ]
| 000 -LEADER | |
|---|---|
| fixed length control field | 04931cam a22005537a 4500 |
| 005 - DATE AND TIME OF LATEST TRANSACTION | |
| control field | 20090121144348.0 |
| 008 - FIXED-LENGTH DATA ELEMENTS--GENERAL INFORMATION | |
| fixed length control field | 040928s2004 dcuab j b 001 0 eng d |
| 010 ## - LCCN (DPL NO) | |
| LC control number | B-330334-348 |
| 020 ## - INTERNATIONAL STANDARD BOOK NUMBER | |
| International Standard Book Number | 9788179913031 |
| Terms of availability | 55.00 |
| 035 ## - SYSTEM CONTROL NUMBER | |
| System control number | B-330334-348 |
| 035 ## - SYSTEM CONTROL NUMBER | |
| System control number | B-358513 |
| 037 ## - SOURCE OF ACQUISITION | |
| Source of stock number/acquisition | Publisher |
| 040 ## - CATALOGING SOURCE | |
| Original cataloging agency | dpl |
| Language of cataloging | English |
| 082 ## - DEWEY DECIMAL CLASSIFICATION NUMBER | |
| Classification number | 551.48 |
| 100 ## - MAIN ENTRY--PERSONAL NAME | |
| Personal name | Finton, Nancy |
| 245 ## - TITLE STATEMENT | |
| Title | Wonders of water / |
| Statement of responsibility, etc | by Nancy Finton |
| 260 ## - PUBLICATION, DISTRIBUTION, ETC. (IMPRINT) | |
| Place of publication, distribution, etc | Mumbai |
| Name of publisher, distributor, etc | Popular Prakashan |
| Date of publication, distribution, etc | c2004. |
| 270 ## - ADDRESS | |
| Address | 301, Mahalaxmi Chambers, 22 Bhulabhai Desai Road |
| City | Mumbai |
| Postal code | 400 026 |
| 300 ## - PHYSICAL DESCRIPTION | |
| Extent | 32p. |
| Other physical details | col. ill., col. maps |
| Dimensions | 23cm. (pbk) |
| 490 ## - SERIES STATEMENT | |
| Series statement | Earth science |
| 500 ## - GENERAL NOTE | |
| General note | Originally published by National Geographic under the reading expeditions series |
| 504 ## - BIBLIOGRAPHY, ETC. NOTE | |
| Bibliography, etc | Includes bibliographical references (p. 30) and index. |
| 520 ## - SUMMARY, ETC. | |
| Summary, etc | Discusses the world's finite supply of water as it circulates through the water cycle. Describes how people use water to do work, how people can conserve water, and why it's important. |
| 650 ## - SUBJECT ADDED ENTRY--TOPICAL TERM | |
| Topical term or geographic name as entry element | Water |
| Form subdivision | Juvenile literature. |
| 650 ## - SUBJECT ADDED ENTRY--TOPICAL TERM | |
| Topical term or geographic name as entry element | Water-supply |
| Form subdivision | Juvenile literature. |
| 650 ## - SUBJECT ADDED ENTRY--TOPICAL TERM | |
| Topical term or geographic name as entry element | Water conservation |
| Form subdivision | Juvenile literature. |
| 710 ## - ADDED ENTRY--CORPORATE NAME | |
| Corporate name or jurisdiction name as entry element | National Geographic Society (U.S.) |
| 830 ## - SERIES ADDED ENTRY--UNIFORM TITLE | |
| Uniform title | Earth science (National Geographic Society (U.S.)) |
| 942 ## - ADDED ENTRY ELEMENTS (KOHA) | |
| Source of classification or shelving scheme | Dewey Decimal Classification |
| Item type | Children Books |
| Classification part | 551.48 |
| Call number suffix | FIN |
| Withdrawn status | Lost status | Source of classification or shelving scheme | Damaged status | Not for loan | Collection code | Home library | Current library | Date acquired | Source of acquisition | Cost, normal purchase price | Total Checkouts | Full call number | Barcode | Date last seen | Copy number | Cost, replacement price | Koha item type | Total Renewals |
|---|---|---|---|---|---|---|---|---|---|---|---|---|---|---|---|---|---|---|
| Dewey Decimal Classification | Non-fiction | Bagh Kadhe Khan | Bagh Kadhe Khan | 07/07/2009 | Popular/0114/4.5.09/8/23.4.09/3.6.09 | 55.00 | 551.48 FIN | B-330344 | 07/07/2009 | 1 | 55.00 | Children Books | ||||||
| Dewey Decimal Classification | Non-fiction | Bawana | Bawana | 07/07/2009 | Popular/0114/4.5.09/8/23.4.09/3.6.09 | 55.00 | 551.48 FIN | B-330346 | 07/07/2009 | 1 | 55.00 | Children Books | ||||||
| Dewey Decimal Classification | Non-fiction | Central Library | Central Library | 07/07/2009 | Popular/0114/4.5.09/8/23.4.09/3.6.09 | 55.00 | 551.48 FIN | B-330337 | 07/07/2009 | 1 | 55.00 | Children Books | ||||||
| Written-off vide DLB M. No. 383 dt 16.05.19 | Dewey Decimal Classification | Non-fiction | Janak Puri | Janak Puri | 19/09/2009 | Popular/I/09-10/0562/10.9.09/85/2.9.09/16.9.09 | 55.00 | 12 | 551.48 FIN | B-358513 | 11/08/2011 | 1 | 55.00 | Children Books | ||||
| Dewey Decimal Classification | Non-fiction | Karol Bagh | Karol Bagh | 07/07/2009 | Popular/0114/4.5.09/8/23.4.09/3.6.09 | 55.00 | 551.48 FIN | B-330343 | 07/07/2009 | 1 | 55.00 | Children Books | ||||||
| Dewey Decimal Classification | Non-fiction | Kasturba Gandhi Marg | Kasturba Gandhi Marg | 07/07/2009 | Popular/0114/4.5.09/8/23.4.09/3.6.09 | 55.00 | 1 | 551.48 FIN | B-330339 | 06/03/2019 | 1 | 55.00 | Children Books | 1 | ||||
| Dewey Decimal Classification | Non-fiction | Mobile Library | Mobile Library | 07/07/2009 | Popular/0114/4.5.09/8/23.4.09/3.6.09 | 55.00 | 551.48 FIN | B-330334 | 07/07/2009 | 2 | 55.00 | Children Books | ||||||
| Dewey Decimal Classification | Non-fiction | Mobile Library | Mobile Library | 07/07/2009 | Popular/0114/4.5.09/8/23.4.09/3.6.09 | 55.00 | 551.48 FIN | B-330335 | 07/07/2009 | 2 | 55.00 | Children Books | ||||||
| Written-off vide DLB M. No. 383 dt 16.05.19 | Dewey Decimal Classification | Non-fiction | Narela | Narela | 07/07/2009 | Popular/0114/4.5.09/8/23.4.09/3.6.09 | 55.00 | 551.48 FIN | B-330345 | 07/07/2009 | 1 | 55.00 | Children Books | |||||
| Written-off vide DLB M. No. 383 dt 16.05.19 | Dewey Decimal Classification | Non-fiction | New Police Line | New Police Line | 07/07/2009 | Popular/0114/4.5.09/8/23.4.09/3.6.09 | 55.00 | 551.48 FIN | B-330336 | 07/07/2009 | 1 | 55.00 | Children Books | |||||
| Written-off vide DLB M. No. 383 dt 16.05.19 | Dewey Decimal Classification | Non-fiction | Patel Nagar | Patel Nagar | 07/07/2009 | Popular/0114/4.5.09/8/23.4.09/3.6.09 | 55.00 | 551.48 FIN | B-330338 | 07/07/2009 | 1 | 55.00 | Children Books | |||||
| Dewey Decimal Classification | Non-fiction | Peshwa Road | Peshwa Road | 07/07/2009 | Popular/0114/4.5.09/8/23.4.09/3.6.09 | 55.00 | 551.48 FIN | B-330340 | 07/07/2009 | 1 | 55.00 | Children Books | ||||||
| Dewey Decimal Classification | Non-fiction | R.C.Libraries (BL-III) | R.C.Libraries (BL-III) | 07/07/2009 | Popular/0114/4.5.09/8/23.4.09/3.6.09 | 55.00 | 551.48 FIN | B-330348 | 07/07/2009 | 1 | 55.00 | Children Books | ||||||
| Dewey Decimal Classification | Non-fiction | Sarojini Nagar | Sarojini Nagar | 07/07/2009 | Popular/0114/4.5.09/8/23.4.09/3.6.09 | 55.00 | 551.48 FIN | B-330341 | 07/07/2009 | 1 | 55.00 | Children Books | ||||||
| Written-off vide DLB M. No. 383 dt 16.05.19 | Dewey Decimal Classification | Non-fiction | Shahdara Branch | Shahdara Branch | 07/07/2009 | Popular/0114/4.5.09/8/23.4.09/3.6.09 | 55.00 | 551.48 FIN | B-330347 | 07/07/2009 | 1 | 55.00 | Children Books | |||||
| Dewey Decimal Classification | Non-fiction | Vinoba Puri | Vinoba Puri | 07/07/2009 | Popular/0114/4.5.09/8/23.4.09/3.6.09 | 55.00 | 3 | 551.48 FIN | B-330342 | 24/10/2013 | 1 | 55.00 | Children Books |
